El otoño del patriarca / (Registro nro. 14275)

000 -CABECERA
campo de control de longitud fija 02238nam a2200325 i 4500
003 - IDENTIFICADOR DEL NÚMERO DE CONTROL
campo de control CO-MqBPB
005 - FECHA Y HORA DE LA ÚLTIMA TRANSACCIÓN
campo de control 20220603111604.0
007 - CAMPO FIJO DE DESCRIPCIÓN FÍSICA--INFORMACIÓN GENERAL
campo de control de longitud fija ta
008 - DATOS DE LONGITUD FIJA--INFORMACIÓN GENERAL
campo de control de longitud fija 171002s2008 ck a g 000 0 spa
020 ## - NÚMERO INTERNACIONAL ESTÁNDAR DEL LIBRO
Número Internacional Estándar del Libro 9789585579200
040 ## - FUENTE DE LA CATALOGACIÓN
Centro catalogador/agencia de origen CO-MqBPB
Lengua de catalogación spa
Normas de descripción rda
Centro/agencia transcriptor CO-MqBPB
041 ## - CÓDIGO DE LENGUA
Código de lengua del texto/banda sonora o título independiente spa
084 ## - OTRO NÚMERO DE CLASIFICACIÓN
Número de clasificación AN GARo
100 1# - ENTRADA PRINCIPAL--NOMBRE DE PERSONA
Nombre de persona García Márquez, Gabriel
Fechas asociadas al nombre 1928-2014
9 (RLIN) 176675
245 13 - MENCIÓN DE TÍTULO
Título El otoño del patriarca /
Mención de responsabilidad, etc. Gabriel Gárcia Márquez
250 ## - MENCIÓN DE EDICIÓN
Mención de edición Primera edición
Resto de la mención de edición Segunda reimpresión
260 ## - PUBLICACIÓN, DISTRIBUCIÓN, ETC.
Lugar de publicación, distribución, etc. Bogotá D.C. , Colombia
Nombre del editor, distribuidor, etc. Penguin Random House Grupo editorial
Fecha de publicación, distribución, etc. 2022
264 #1 - PRODUCCIÓN, PUBLICACIÓN, DISTRIBUCIÓN, FABRICACIÓN Y COPYRIGHT
Producción, publicación, distribución, fabricación y copyright Bogotá
Nombre del de productor, editor, distribuidor, fabricante Verticales de bolsillo
Fecha de producción, publicación, distribución, fabricación o copyright 2008
300 ## - DESCRIPCIÓN FÍSICA
Extensión 299 páginas
Dimensiones 19 cm
336 ## - TIPO DE CONTENIDO
Término de tipo de contenido texto
Código de tipo de contenido txt
Fuente rdacontent
337 ## - TIPO DE MEDIO
Nombre/término del tipo de medio sin mediación
Código del tipo de medio n
Fuente rdamedia
338 ## - TIPO DE SOPORTE
Nombre/término del tipo de soporte volumen
Código del tipo de soporte nc
Fuente rdacarrier
490 0# - MENCIÓN DE SERIE
Mención de serie Colección Premios Nobel de Literatura
500 ## - NOTA GENERAL
Nota general Gabriel García Márquez construyó, en El otoño del patriarca, una maquinaria narrativa perfecta que desgrana una historia universal -la agonía y muerte de un dictador- en forma cíclica, experimental y real al mismo tiempo, en seis bloques narrativos sin diálogos, sin puntos y aparte, repitiendo una anécdota siempre igual y siempre distinta, acumulando hechos y descripciones deslumbrantes. Novela escrita en Barcelona entre 1968 y 1975, El otoño del patriarca deja asomar en su trasfondo el acontecimiento más importante de la historia española de aquellos años, la muerte del general Franco, aunque su contexto y estilo sean, como siempre con García Márquez, el de la asombrosa realidad latinoamericana, que el autor ha elevado una vez más a la dignidad del mito. «Durante el fin de semana los gallinazos se metieron por los balcones de la casa presidencial, destrozaron a picotazos las mallas de alambre de las ventanas y removieron con sus alas el tiempo estancado en el interior, y en la madrugada del lunes la ciudad despertó de su letargo de siglos con una tibia y tierna brisa de muerto grande y de podrida grandeza.»
650 17 - PUNTO DE ACCESO ADICIONAL DE MATERIA--TÉRMINO DE MATERIA
Término de materia o nombre geográfico como elemento de entrada Novela colombiana
Subdivisión cronológica Siglo XX
Fuente del encabezamiento o término LEMB
9 (RLIN) 176676
650 17 - PUNTO DE ACCESO ADICIONAL DE MATERIA--TÉRMINO DE MATERIA
Término de materia o nombre geográfico como elemento de entrada Literatura colombiana
Subdivisión cronológica Siglo XX
Fuente del encabezamiento o término LEMB
9 (RLIN) 176677
650 17 - PUNTO DE ACCESO ADICIONAL DE MATERIA--TÉRMINO DE MATERIA
Término de materia o nombre geográfico como elemento de entrada Realismo mágico
Subdivisión de forma Novela
Fuente del encabezamiento o término LEMB
9 (RLIN) 104131
650 17 - PUNTO DE ACCESO ADICIONAL DE MATERIA--TÉRMINO DE MATERIA
Término de materia o nombre geográfico como elemento de entrada Dictadores
Subdivisión de forma Novela
Fuente del encabezamiento o término LEMB
9 (RLIN) 176678
942 ## - ELEMENTOS DE PUNTO DE ACCESO ADICIONAL (KOHA)
Tipo de ítem Koha Libro Literatura
Existencias
Estado de retiro Estado de pérdida Fuente del sistema de clasificación o colocación Estado dañado No para préstamo Código de colección Localización permanente Ubicación/localización actual Fecha de adquisición Fuente de adquisición Número de inventario Total de préstamos Signatura topográfica completa Código de barras Fecha visto por última vez Fecha del último préstamo Número de copia Precio válido a partir de Tipo de ítem Koha Nota pública
          Literatura Adulto Biblioteca Pública San Juan Bosco Biblioteca Pública San Juan Bosco 03/06/2022 Compra BPSJBM 2022 NT 3 AN GARo MOS502332 03/07/2024 05/06/2024 EJ. 1 03/06/2022 Libro Literatura Quince días
          Literatura Adulto Biblioteca Pública San Juan Bosco Biblioteca Pública San Juan Bosco 03/06/2022 Compra BPSJBM 2022 NT 6 AN GARo MOS502333 31/03/2026 27/02/2026 EJ. 2 03/06/2022 Libro Literatura Quince días

© Todos los derechos reservados para la Biblioteca Pública Municipal San Juan Bosco, 2020
Secretaria de Cultura de Mosquera
Carrera 3 N° 10 Esquina Centro Cultural Barrio El Carmén Teléfono: 8270830 Ext: 34
Funcionando con KOHA
Contacto: Biblioteca Pública Municipal San Juan Bosco/ bibliotecasanjuanbosco@mosquera-cundinamarca.gov.co
Mosquera, Cundinamarca